| 000 | 01131nam a2200313 a 4500 | ||
|---|---|---|---|
| 001 | 000040447 | ||
| 003 | DO-SdBNP | ||
| 005 | 20240610111826.0 | ||
| 008 | 100915s1999 dr 000 0 spa d | ||
| 040 |
_aDO-SdBNP _bspa _cBNPHU |
||
| 082 | 4 |
_a972.93 _bC957m, 1999 _222 |
|
| 100 |
_aCruz Méndez, Manuel _937495 |
||
| 245 | 1 | 0 |
_aManual de historia social dominicana / _cManuel Cruz Méndez. |
| 246 | 3 | 4 | _aHistoria social dominicana |
| 250 | _aquinta edición corregida y aumentada | ||
| 264 |
_aSanto Domingo : _bSoto Castillo, _c1999. |
||
| 300 |
_a212 páginas ; _c22 cm. |
||
| 336 |
_2rdacontent _atexto _btexto |
||
| 337 |
_2rdamedia _asin mediación _bn |
||
| 338 |
_2rdacarrier _avolumen _bnc |
||
| 500 | _aIncluye datos biográficos del autor en la contracubierta | ||
| 500 | _aIncluye referencias bibliográficas y notas al pie de las páginas | ||
| 504 | _aBibliografía : p. 208-212 | ||
| 590 | _aInventariado, 2018/ YL | ||
| 651 | 4 |
_aRepública Dominicana _xHistoria _9170 |
|
| 651 | 4 |
_aRepública Dominicana _xCondiciónes sociales _945537 |
|
| 910 | _aValidado. Control de calidad MFF | ||
| 942 |
_2ddc _cLBS1 |
||
| 999 |
_c39937 _d39937 |
||